The greenhouse effect
| Main Author: | |
|---|---|
| Format: | Book |
| Published: |
London :
Gloucester Press ,
1990
|
| Series: | Save our earth
|
| Subjects: |
MARC
| LEADER | 00000cam a2200000 7i4500 | ||
|---|---|---|---|
| 001 | 0000005432 | ||
| 002 | 000005872 | ||
| 005 | 20090731.0 | ||
| 020 | |a 0749600896 | ||
| 090 | 0 | 0 | |a J 363.7 |b SAV |
| 100 | 1 | |a Hare, Tony | |
| 245 | 1 | 4 | |a The greenhouse effect |c Tony Hare |
| 260 | |a London : |b Gloucester Press , |c 1990 | ||
| 300 | |a 32p : |b Illust ; |c 29 cm. | ||
| 490 | 0 | |a Save our earth | |
| 650 | 0 | 0 | |a Greenhouse effect, Atmospheric |
| 999 | |a 026849 |b BUKU |c JUNIOR REFERENCE |e PERPUSTAKAAN KOMUNITI CAW KOTA DAMANSARA | ||